| 000 | 00712nam a22001937a 4500 | ||
|---|---|---|---|
| 008 | 130821s1982 xxua gr eng | ||
| 020 | _a0873484428 | ||
| 040 |
_aCo-BoUCM _bspa |
||
| 041 | 0 | 0 | _aeng |
| 100 | 1 |
_aWeissberg, Arnold. _9171534 |
|
| 245 | 1 | 0 |
_aNicaragua an introduction to the Sandinista revolution _cArnold Weissberg. |
| 260 |
_aNueva York (Estados Unidos) _bPathfinder Press _c1982 printing |
||
| 300 |
_a47 páginas _bilustraciones |
||
| 650 | 0 | 4 |
_aHistoria de América _916931 |
| 651 |
_aNicaragua _xHistoria _y1979-1990 _927151 |
||
| 651 |
_aNicaragua _xHistoria _yRevolución, 1979 _xCausas _927151 |
||
| 942 |
_cLIBRO _a21 _e1 _mW432n _2DEWEY _h972.85053 |
||
| 999 |
_c90763 _d90763 |
||